[Event "5. Lovsprings EMT Mesterklassen"]
[Site "Ringsted"]
[Date "1993.03.26"]
[Round "1"]
[White "Arnkilde, Anders"]
[Black "Pedersen, Hans Dahl"]
[Result "0-1"]
[WhiteElo "1954"]
[BlackElo "2183"]
[PlyCount "96"]
[EventDate "1993.??.??"]

1. e4 c6 2. d4 d5 3. exd5 cxd5 4. c4 Nf6 5. Nc3 g6 6. Nf3 Bg7 7. Bg5 Nbd7 8.
cxd5 O-O 9. Bc4 Nb6 10. Bb3 Nbxd5 11. O-O Nxc3 12. bxc3 Ne4 13. Bh4 Nxc3 14.
Qc2 Nd5 15. Bxd5 Qxd5 16. Bxe7 Re8 17. Ba3 b6 18. Rfe1 Bb7 19. Qa4 Bc6 20.
Rxe8+ Rxe8 21. Qc2 Bb7 22. Qa4 Bc6 23. Qc2 h6 24. Rc1 Re6 25. h3 Qa5 26. Qd3
Bxf3 27. Rc8+ Kh7 28. Qxf3 Qe1+ 29. Kh2 Rf6 30. Qd5 Qxf2 31. Qd8 Qf4+ 32. Kh1
Qf1+ 33. Kh2 Qf4+ 34. Kh1 g5 35. Qg8+ Kg6 36. Bf8 Qf1+ 37. Kh2 Qf4+ 38. Kh1
Qf1+ 39. Kh2 Qf4+ 40. Kh1 Kh5 41. Qxg7 Qf1+ 42. Kh2 Qf4+ 43. Kh1 Re6 44. Bb4
Qf1+ 45. Kh2 Re2 46. Qxf7+ Qxf7 47. Rf8 Qd5 48. Kg1 Qxg2# 0-1

[Event "5. Lovsprings EMT Mesterklassen"]
[Site "Ringsted"]
[Date "1993.03.26"]
[Round "1"]
[White "Elgaard, Brian"]
[Black "Nielsen, Max"]
[Result "0-1"]
[WhiteElo "2166"]
[BlackElo "2100"]
[PlyCount "92"]
[EventDate "1993.??.??"]

1. Nf3 Nf6 2. g3 g6 3. b4 Bg7 4. Bb2 O-O 5. Bg2 d6 6. d3 e5 7. O-O h6 8. c4 Nc6
9. b5 Ne7 10. d4 e4 11. Nfd2 e3 12. fxe3 Ng4 13. Rf3 Nf5 14. Nf1 Re8 15. Qd3
Qe7 16. Rf4 Nfxe3 17. Re4 Bf5 18. Rxe7 Bxd3 19. Rxe8+ Rxe8 20. exd3 Nc2 21. h3
Nxa1 22. Bxa1 Re1 23. hxg4 Rxb1 24. Bc3 Rc1 25. Bd2 Bxd4+ 26. Kh1 Ra1 27. Bxh6
b6 28. Bg5 f6 29. Bf4 g5 30. Bd2 Kf8 31. a4 Ke7 32. Kh2 Rd1 33. a5 Kf8 34. a6
Ke7 35. Bh3 Ke6 36. Kg2 d5 37. Kf3 dxc4 38. dxc4 Ke5 39. Bg2 Ra1 40. Ne3 Ra2
41. Ke2 Bc3 42. Nf1 Kd4 43. Kd1 Bxd2 44. Nxd2 Ke3 45. Nf1+ Kd3 46. Ba8 Ra1#
0-1

[Event "5. Lovsprings EMT Mesterklassen"]
[Site "Ringsted"]
[Date "1993.03.26"]
[Round "1"]
[White "Jorgensen, Brian"]
[Black "Christensen, John"]
[Result "1/2-1/2"]
[WhiteElo "2272"]
[BlackElo "2056"]
[PlyCount "109"]
[EventDate "1993.??.??"]

1. c4 Nf6 2. Nf3 b6 3. d4 Bb7 4. g3 e6 5. Bg2 c5 6. O-O cxd4 7. Qxd4 d5 8. cxd5
Qxd5 9. Nc3 Qxd4 10. Nxd4 Bxg2 11. Kxg2 a6 12. Bg5 Nbd7 13. Rfd1 h6 14. Bxf6
Nxf6 15. Rac1 b5 16. a4 b4 17. Nb1 Nd7 18. Rc7 Bd6 19. Rb7 O-O-O 20. Nc6 Kxb7
21. Nxd8+ Rxd8 22. Rxd6 Kc7 23. Rd4 Rb8 24. Nd2 Nc5 25. b3 e5 26. Rd5 Nd7 27.
Nc4 f6 28. h4 Nb6 29. Rc5+ Kd7 30. Nxb6+ Rxb6 31. Kf3 Rd6 32. Rc4 Rb6 33. Rc5
Rd6 34. Ke3 Rd1 35. Rc4 a5 36. Rc5 Rb1 37. Rxa5 Rxb3+ 38. Ke4 Ke6 39. Ra6+ Kf7
40. h5 Ra3 41. Kf5 Ra2 42. Ra7+ Kf8 43. Ke6 Kg8 44. Ra8+ Kh7 45. Kf7 Rc2 46.
Rb8 Rc4 47. Ke6 b3 48. Rxb3 Rxa4 49. Kf5 Ra2 50. Re3 Ra5 51. Re4 Rb5 52. e3 Ra5
53. Rb4 e4+ 54. Kg4 Ra2 55. Rxe4 1/2-1/2

[Event "5. Lovsprings EMT Mesterklassen"]
[Site "Ringsted"]
[Date "1993.03.26"]
[Round "1"]
[White "Madsen, Hans Henrik"]
[Black "Nielsen, Per Henrik Axel"]
[Result "1-0"]
[WhiteElo "2057"]
[BlackElo "2004"]
[PlyCount "29"]
[EventDate "1993.??.??"]

1. d4 Nf6 2. Bg5 e6 3. e4 Be7 4. Bxf6 gxf6 5. Nc3 b6 6. Qg4 Bf8 7. O-O-O Ba6 8.
Nge2 h5 9. Qf3 Nc6 10. Kb1 Bb4 11. d5 Ne5 12. Qg3 Bd6 13. f4 Ng6 14. dxe6 fxe6
15. Qxg6+ 1-0

[Event "5. Lovsprings EMT Mesterklassen"]
[Site "Ringsted"]
[Date "1993.03.26"]
[Round "1"]
[White "Lynge, Michael"]
[Black "Hald, Jens Erik"]
[Result "1/2-1/2"]
[WhiteElo "2085"]
[BlackElo "2143"]
[PlyCount "30"]
[EventDate "1993.??.??"]

1. d4 Nf6 2. c4 g6 3. Nc3 Bg7 4. e4 d6 5. f4 c5 6. d5 O-O 7. Nf3 b5 8. e5 dxe5
9. fxe5 Nfd7 10. e6 fxe6 11. Nxb5 Ne5 12. Be2 Na6 13. O-O exd5 14. cxd5 Bb7 15.
Nc3 Rc8 1/2-1/2

[Event "5. Lovsprings EMT Mesterklassen"]
[Site "Ringsted"]
[Date "1993.03.26"]
[Round "1"]
[White "Sivertsen, Palle"]
[Black "Hansen, Hans Henrik"]
[Result "1/2-1/2"]
[WhiteElo "2080"]
[BlackElo "2109"]
[PlyCount "32"]
[EventDate "1993.??.??"]

1. e4 e5 2. Nf3 Nc6 3. Bb5 Nf6 4. d3 d6 5. c3 g6 6. O-O Bg7 7. Re1 O-O 8. h3
Qe7 9. Be3 h6 10. Nbd2 Kh7 11. d4 Nh5 12. Bxc6 bxc6 13. dxe5 dxe5 14. Qa4 Qe6
15. Nb3 f5 16. exf5 Rxf5 1/2-1/2

[Event "5. Lovsprings EMT Mesterklassen"]
[Site "Ringsted"]
[Date "1993.03.26"]
[Round "1"]
[White "Buhl, Poul"]
[Black "Rasmussen, Per Arnt"]
[Result "1-0"]
[WhiteElo "2035"]
[BlackElo "2036"]
[PlyCount "85"]
[EventDate "1993.??.??"]

1. c4 f5 2. Nf3 Nf6 3. g3 g6 4. Bg2 Bg7 5. O-O O-O 6. d4 d6 7. Nc3 Qe8 8. b3
Na6 9. Ba3 c6 10. Qc2 Rb8 11. Rad1 b5 12. cxb5 cxb5 13. Bb2 b4 14. Nb1 Bb7 15.
Nbd2 Rc8 16. Qb1 Nc7 17. a4 Ncd5 18. Rc1 Nc3 19. Qd3 Be4 20. Qa6 Rc6 21. Qxa7
Nxe2+ 22. Kh1 Nxc1 23. Bxc1 Qc8 24. Nc4 d5 25. Nb6 Qd8 26. a5 Ng4 27. Bg5 Rc2
28. Kg1 Nf6 29. Bf4 Nh5 30. Be5 Bh6 31. Nd7 Rf7 32. Nc5 Nf6 33. Qb6 Qa8 34. a6
Bf8 35. Qb7 Qe8 36. a7 Ra2 37. Na4 e6 38. a8=Q Rxb7 39. Qxb7 Nd7 40. Qc6 Bxf3
41. Bxf3 Kf7 42. Qb7 Be7 43. Rc1 1-0

[Event "5. Lovsprings EMT Mesterklassen"]
[Site "Ringsted"]
[Date "1993.03.26"]
[Round "1"]
[White "Mott, Jens"]
[Black "Rasmussen, Henning"]
[Result "0-1"]
[WhiteElo "1880"]
[BlackElo "1940"]
[PlyCount "172"]
[EventDate "1993.??.??"]

1. e4 e6 2. d4 d5 3. e5 c5 4. c3 Nc6 5. Nf3 Qb6 6. a3 a5 7. g3 f5 8. exf6 Nxf6
9. Bh3 Bd6 10. Qe2 O-O 11. O-O e5 12. Bxc8 Raxc8 13. dxe5 Rce8 14. Be3 Nxe5 15.
Nxe5 Bxe5 16. Rd1 Kh8 17. f4 Bd6 18. Qd2 Ng4 19. Bf2 Nxf2 20. Qxf2 d4 21. Nd2
Qxb2 22. cxd4 Qxd4 23. Qxd4 cxd4 24. Nb3 Bc7 25. Rab1 d3 26. Rxd3 Bb6+ 27. Nd4
Bc5 28. Kf1 Rd8 29. Rbd1 Bxd4 30. Rxd4 Rxd4 31. Rxd4 b5 32. Ke2 Rb8 33. Kd3 Kg8
34. Kc3 Kf7 35. Re4 Kf6 36. Re5 g6 37. Kb3 h5 38. h4 Rb6 39. Re3 Rb8 40. Re5
Rb6 41. Re3 b4 42. Re5 bxa3+ 43. Kxa3 Re6 44. Rg5 Re4 45. Kb3 a4+ 46. Ka3 Rd4
47. Ka2 Rd3 48. g4 hxg4 49. Rxg4 Rf3 50. f5 Kxf5 51. Rg5+ Kf6 52. Rg4 a3 53.
Ra4 Kg7 54. Rg4 Kh6 55. Rg1 Rf4 56. Kxa3 Rxh4 57. Kb2 Rc4 58. Kb3 Rc5 59. Kb4
Rc8 60. Rh1+ Kg5 61. Rg1+ Kf6 62. Rf1+ Kg7 63. Rg1 Rc2 64. Kb3 Rf2 65. Kc3 Kf6
66. Kd3 g5 67. Ke3 Rf4 68. Rh1 Kf5 69. Rh8 Kg4 70. Rg8 Kh3 71. Ke2 Rf5 72. Ke1
Kg3 73. Ke2 g4 74. Rg7 Rf4 75. Ke3 Ra4 76. Ke2 Kg2 77. Rf7 g3 78. Rg7 Ra3 79.
Rf7 Kg1 80. Rh7 g2 81. Rh4 Ra2+ 82. Ke1 Rf2 83. Rh3 Rf4 84. Ke2 Rf7 85. Ke1
Re7+ 86. Kd2 Kf2 0-1

[Event "5. Lovsprings EMT Mesterklassen"]
[Site "Ringsted"]
[Date "1993.03.26"]
[Round "1"]
[White "Christensen, Lars (1957)"]
[Black "Larsen, Bjorn"]
[Result "1-0"]
[WhiteElo "2104"]
[BlackElo "1908"]
[PlyCount "79"]
[EventDate "1993.??.??"]

1. e4 c6 2. d4 d5 3. exd5 cxd5 4. c3 Nf6 5. Nf3 Nc6 6. Bf4 Bg4 7. Qb3 Qb6 8.
Qxb6 axb6 9. Ne5 Bd7 10. Na3 e6 11. Nb5 Rc8 12. Be2 Na5 13. g4 Be7 14. Nxd7
Kxd7 15. f3 Ne8 16. a4 Nd6 17. Kf2 Rhd8 18. h4 Ke8 19. Bd3 h6 20. g5 hxg5 21.
hxg5 Kd7 22. Rh7 Ne8 23. Na3 Bd6 24. Bb5+ Nc6 25. Bd2 Rc7 26. Nc2 Kc8 27. Re1
Re7 28. Ne3 Rdd7 29. Ng4 f6 30. gxf6 gxf6 31. Rh6 e5 32. Nxf6 Nxf6 33. Rxf6 Rf7
34. dxe5 Bc5+ 35. Be3 Rh7 36. Bxc5 bxc5 37. Bxc6 bxc6 38. Rxc6+ Kb7 39. Rxc5
Rdg7 40. Rxd5 1-0

[Event "5. Lovsprings EMT Mesterklassen"]
[Site "Ringsted"]
[Date "1993.04.02"]
[Round "2"]
[White "Arnkilde, Anders"]
[Black "Elgaard, Brian"]
[Result "1-0"]
[WhiteElo "1954"]
[BlackElo "2166"]
[PlyCount "61"]
[EventDate "1993.??.??"]

1. e4 c6 2. d4 d5 3. exd5 cxd5 4. c3 Bf5 5. Bd3 Bg6 6. Nf3 Nc6 7. O-O e6 8. Bf4
Bd6 9. Bxd6 Qxd6 10. Qd2 Nf6 11. Re1 Rb8 12. Ne5 Bxd3 13. Qxd3 O-O 14. Nd2 b5
15. b4 Nd7 16. Nxd7 Qxd7 17. Nb3 Nd8 18. Nc5 Qc6 19. a4 Nb7 20. axb5 Nxc5 21.
bxc5 Qxb5 22. Qxb5 Rxb5 23. Rxa7 Rb2 24. g4 h6 25. Re3 f5 26. g5 f4 27. Rxe6
Rb1+ 28. Kg2 f3+ 29. Kh3 hxg5 30. Rg6 Rf4 31. Rgxg7+ 1-0

[Event "5. Lovsprings EMT Mesterklassen"]
[Site "Ringsted"]
[Date "1993.04.02"]
[Round "2"]
[White "Pedersen, Hans Dahl"]
[Black "Nielsen, Max"]
[Result "1/2-1/2"]
[WhiteElo "2183"]
[BlackElo "2100"]
[PlyCount "76"]
[EventDate "1993.??.??"]

1. d4 Nf6 2. c4 g6 3. Nc3 Bg7 4. e4 d6 5. Nf3 O-O 6. h3 e5 7. d5 Na6 8. Be3 Nh5
9. Nh2 Qe8 10. Be2 Nf4 11. Bf3 f5 12. h4 Bd7 13. g3 Nb4 14. Kf1 Nh3 15. a3 Na6
16. Kg2 f4 17. Bd2 fxg3 18. fxg3 Qe7 19. Qe2 Rf7 20. Raf1 Raf8 21. Be3 h5 22.
Nd1 Nc5 23. Nf2 Nxf2 24. Rxf2 Bc8 25. Rhf1 Kh7 26. Bg5 Bf6 27. Qe3 Bxg5 28.
hxg5 a5 29. Kg1 b6 30. Bg2 Bd7 31. Rxf7+ Rxf7 32. Rxf7+ Qxf7 33. Nf3 Bg4 34.
Nd2 a4 35. Bf1 Qe7 36. Kh2 Qf7 37. Kg1 Kg7 38. Qf2 Qe7 1/2-1/2

[Event "5. Lovsprings EMT Mesterklassen"]
[Site "Ringsted"]
[Date "1993.04.02"]
[Round "2"]
[White "Hansen, Hans Henrik"]
[Black "Hald, Jens Erik"]
[Result "1/2-1/2"]
[WhiteElo "2109"]
[BlackElo "2143"]
[PlyCount "29"]
[EventDate "1993.??.??"]

1. e4 c5 2. c3 d5 3. exd5 Qxd5 4. d4 Nf6 5. Nf3 cxd4 6. cxd4 e6 7. Nc3 Bb4 8.
Bd3 O-O 9. O-O Qh5 10. Be3 Nc6 11. Rc1 Bd7 12. Be2 Qa5 13. Qb3 Rac8 14. a3 Bd6
15. Rfd1 1/2-1/2

[Event "5. Lovsprings EMT Mesterklassen"]
[Site "Ringsted"]
[Date "1993.04.02"]
[Round "2"]
[White "Rasmussen, Henning"]
[Black "Madsen, Hans Henrik"]
[Result "0-1"]
[WhiteElo "1940"]
[BlackElo "2057"]
[PlyCount "110"]
[EventDate "1993.??.??"]

1. Nf3 c5 2. c4 g6 3. Nc3 Bg7 4. d4 cxd4 5. Nxd4 Nc6 6. Nc2 Nf6 7. e4 d6 8. Be2
O-O 9. O-O Be6 10. Ne3 Rc8 11. Rb1 Ne5 12. b3 g5 13. f3 h6 14. Ncd5 Nxd5 15.
Nxd5 Bxd5 16. Qxd5 Qb6+ 17. Kh1 Rc5 18. Qd2 Nxc4 19. bxc4 Qxb1 20. Ba3 Qb6 21.
Bxc5 Qxc5 22. g3 Rc8 23. Bd3 Qd4 24. Qe2 Rc6 25. Rb1 b6 26. Kg2 Rc5 27. Rb5 Kf8
28. Rxc5 dxc5 29. f4 gxf4 30. gxf4 e5 31. f5 Bf6 32. Kf1 Bg5 33. Kg2 a5 34. Kf1
a4 35. Kg2 a3 36. Kf1 Qc3 37. Kg2 Qc1 38. Qf1 Qb2+ 39. Qe2 Bd2 40. Kh3 Qxa2 41.
f6 Qb3 42. Qxd2 a2 43. Kg2 Ke8 44. Bc2 Qxc4 45. Bd3 Qb3 46. Bc2 Qxc2 47. Qxc2
a1=Q 48. Qd3 Qa2+ 49. Kg3 Qe6 50. Qb5+ Kf8 51. Qf1 Kg8 52. h4 h5 53. Kh2 Qg4
54. Qe1 Qf4+ 55. Kh3 Qxf6 0-1

[Event "5. Lovsprings EMT Mesterklassen"]
[Site "Ringsted"]
[Date "1993.04.02"]
[Round "2"]
[White "Mott, Jens"]
[Black "Jorgensen, Brian"]
[Result "0-1"]
[WhiteElo "1880"]
[BlackElo "2272"]
[PlyCount "175"]
[EventDate "1993.??.??"]

1. e4 c5 2. Nf3 Nc6 3. d3 d6 4. c3 Nf6 5. Be2 g6 6. O-O Bg7 7. a4 O-O 8. Re1 h6
9. Nbd2 e5 10. Nc4 Ne8 11. Ne3 Be6 12. g3 f5 13. exf5 gxf5 14. Nh4 Ne7 15. Neg2
d5 16. d4 cxd4 17. cxd4 e4 18. Nf4 Bf7 19. Bh5 Qb6 20. Be3 Bxh5 21. Nxh5 Ng6
22. Nxg6 Qxg6 23. Nf4 Qf7 24. Qb3 Nf6 25. Rac1 Rac8 26. h3 Kh7 27. Kh2 Rc4 28.
Nxd5 Rxc1 29. Nxf6+ Bxf6 30. Qxf7+ Rxf7 31. Rxc1 Rd7 32. Rc4 Kg6 33. Kg2 h5 34.
Kf1 Kf7 35. Ke2 Ke6 36. Kd2 h4 37. Kc3 Rh7 38. Kb4 hxg3 39. fxg3 Rxh3 40. Bf4
Be7+ 41. Kc3 Bd6 42. d5+ Kd7 43. Kd4 Bxf4 44. gxf4 Kd6 45. Rc8 Rd3+ 46. Kc4 Rf3
47. Rd8+ Kc7 48. Rh8 Rxf4 49. Rh7+ Kd6 50. Rh6+ Ke7 51. Kc5 Rf1 52. Kd4 Kf7 53.
d6 Rd1+ 54. Ke3 Rd5 55. Kf4 a5 56. b3 b6 57. Kg5 Ke8 58. Rh7 Kd8 59. Kf4 Rxd6
60. Kxf5 e3 61. Rh3 Rd3 62. Ke4 Rxb3 63. Rh8+ Kc7 64. Kf3 Kc6 65. Rh5 Ra3 66.
Rh4 Rb3 67. Rh1 Kc5 68. Rh4 Rb4 69. Rh5+ Kc4 70. Kxe3 Kb3 71. Kd3 Kxa4 72. Kc2
Rg4 73. Kc3 b5 74. Kb2 Kb4 75. Re5 a4 76. Re3 Kc4 77. Ka3 Rd4 78. Kb2 b4 79.
Re8 Rd2+ 80. Kc1 Ra2 81. Rd8 a3 82. Rc8+ Kb3 83. Ra8 Ra1+ 84. Kd2 Kb2 85. Rb8
b3 86. Kd3 a2 87. Kc4 Rc1+ 88. Kb4 0-1

[Event "5. Lovsprings EMT Mesterklassen"]
[Site "Ringsted"]
[Date "1993.04.02"]
[Round "2"]
[White "Sivertsen, Palle"]
[Black "Lynge, Michael"]
[Result "1/2-1/2"]
[WhiteElo "2080"]
[BlackElo "2085"]
[PlyCount "36"]
[EventDate "1993.??.??"]

1. e4 e6 2. d3 d5 3. Nd2 c5 4. Ngf3 Nc6 5. g3 Bd6 6. Bg2 Nge7 7. O-O O-O 8. c3
Qc7 9. d4 cxd4 10. cxd4 f6 11. a3 Qb6 12. exd5 exd5 13. Qb3 Nxd4 14. Nxd4 Qxd4
15. Rd1 Bg4 16. Nf3 Qe4 17. Rd4 Qe6 18. Bd2 Kh8 1/2-1/2

[Event "5. Lovsprings EMT Mesterklassen"]
[Site "Ringsted"]
[Date "1993.04.02"]
[Round "2"]
[White "Nielsen, Per Henrik Axel"]
[Black "Christensen, John"]
[Result "1/2-1/2"]
[WhiteElo "2004"]
[BlackElo "2056"]
[PlyCount "29"]
[EventDate "1993.??.??"]

1. Nf3 Nf6 2. b3 d5 3. Bb2 Nbd7 4. e3 c6 5. Be2 g6 6. O-O Bg7 7. d4 O-O 8. c4
Ne4 9. Nc3 f5 10. cxd5 Nxc3 11. Bxc3 cxd5 12. Rc1 a5 13. Qc2 e6 14. Bb2 a4 15.
bxa4 1/2-1/2

[Event "5. Lovsprings EMT Mesterklassen"]
[Site "Ringsted"]
[Date "1993.04.02"]
[Round "2"]
[White "Buhl, Poul"]
[Black "Christensen, Lars (1957)"]
[Result "1/2-1/2"]
[WhiteElo "2035"]
[BlackElo "2104"]
[PlyCount "24"]
[EventDate "1993.??.??"]

1. c4 e5 2. Nc3 Nf6 3. g3 d5 4. cxd5 Nxd5 5. Bg2 Be6 6. Nf3 Nc6 7. O-O Be7 8.
d4 exd4 9. Nxd4 Nxd4 10. Qxd4 Nxc3 11. bxc3 Qxd4 12. cxd4 O-O-O 1/2-1/2

[Event "5. Lovsprings EMT Mesterklassen"]
[Site "Ringsted"]
[Date "1993.04.02"]
[Round "2"]
[White "Rasmussen, Per Arnt"]
[Black "Larsen, Bjorn"]
[Result "1-0"]
[WhiteElo "2036"]
[BlackElo "1908"]
[PlyCount "87"]
[EventDate "1993.??.??"]

1. e4 e5 2. Nf3 Nc6 3. Bc4 Nf6 4. Ng5 d5 5. exd5 Nd4 6. c3 b5 7. Bf1 Nxd5 8.
Ne4 Qh4 9. Ng3 Bg4 10. f3 e4 11. cxd4 Bd6 12. Bxb5+ Kd8 13. O-O exf3 14. Qb3
Nf6 15. Rxf3 Rb8 16. a4 Bxf3 17. Qxf3 Ng4 18. h3 Qxg3 19. Qxg3 Bxg3 20. hxg4
Rxb5 21. Ra3 Re8 22. Rxg3 Rb4 23. Nc3 Re1+ 24. Kf2 Rxc1 25. Na2 Rcc4 26. Nxb4
Rxb4 27. b3 Rxd4 28. Ke2 Ke7 29. g5 Rd5 30. Rg4 Ke6 31. Ke3 Kf5 32. Rc4 c5 33.
d4 cxd4+ 34. Rxd4 Re5+ 35. Kd3 Re7 36. Rd5+ Kg4 37. b4 Kg3 38. b5 Kxg2 39. a5
Kf3 40. Kd4 Kf4 41. Kc5 Ke4 42. Kc6 f6 43. gxf6 gxf6 44. Rd7 1-0

[Event "5. Lovsprings EMT Mesterklassen"]
[Site "Ringsted"]
[Date "1993.04.16"]
[Round "3"]
[White "Jorgensen, Brian"]
[Black "Pedersen, Hans Dahl"]
[Result "0-1"]
[WhiteElo "2272"]
[BlackElo "2183"]
[PlyCount "79"]
[EventDate "1993.??.??"]

1. e4 c5 2. c4 e6 3. Nc3 Nc6 4. g3 Nf6 5. Bg2 a6 6. Nge2 Qc7 7. O-O Rb8 8. d4
cxd4 9. Nxd4 Nxd4 10. Qxd4 Bc5 11. Bf4 d6 12. Qd3 Ng4 13. Rad1 Ne5 14. Qb1 O-O
15. b3 Bd7 16. Rc1 Rfc8 17. h3 Ba3 18. Rcd1 b5 19. Bxe5 dxe5 20. cxb5 Be8 21.
Ne2 Bxb5 22. Bf3 h6 23. Kg2 Kh7 24. h4 Qc2 25. Qxc2 Rxc2 26. Rfe1 Bb4 27. Rc1
Rbc8 28. Rxc2 Rxc2 29. Rc1 Rxe2 30. Bxe2 Bxe2 31. Rc7 Kg6 32. f3 Bd3 33. Kf2
Bb1 34. Rc1 Bxa2 35. Ra1 Bc5+ 36. Kg2 Bxb3 37. Rxa6 f5 38. Ra8 Bd4 39. Rd8 Bc2
40. exf5+ 0-1

[Event "5. Lovsprings EMT Mesterklassen"]
[Site "Ringsted"]
[Date "1993.04.16"]
[Round "3"]
[White "Hansen, Hans Henrik"]
[Black "Lynge, Michael"]
[Result "1/2-1/2"]
[WhiteElo "2109"]
[BlackElo "2085"]
[PlyCount "39"]
[EventDate "1993.??.??"]

1. e4 e6 2. d4 d5 3. Nc3 Nf6 4. e5 Nfd7 5. Nce2 c5 6. c3 Nc6 7. Nf3 Qb6 8. g3
cxd4 9. cxd4 Bb4+ 10. Bd2 O-O 11. Bg2 f6 12. exf6 Nxf6 13. O-O Bd6 14. Rb1 e5
15. dxe5 Nxe5 16. Nxe5 Bxe5 17. Nc3 d4 18. Nd5 Nxd5 19. Bxd5+ Kh8 20. Qb3
1/2-1/2

[Event "5. Lovsprings EMT Mesterklassen"]
[Site "Ringsted"]
[Date "1993.04.16"]
[Round "3"]
[White "Hald, Jens Erik"]
[Black "Rasmussen, Henning"]
[Result "1-0"]
[WhiteElo "2143"]
[BlackElo "1940"]
[PlyCount "107"]
[EventDate "1993.??.??"]

1. g3 g6 2. Bg2 Bg7 3. Nf3 Nf6 4. O-O O-O 5. d3 d5 6. c3 c6 7. Qa4 Nbd7 8. Bg5
Qc7 9. Nbd2 e5 10. Qh4 Re8 11. e4 Qd6 12. Rad1 Nf8 13. d4 N6d7 14. dxe5 Nxe5
15. Nxe5 Qxe5 16. exd5 cxd5 17. Nf3 Qe4 18. Qf4 Qc4 19. Nd4 Bd7 20. Nc2 Qxa2
21. Nb4 Qxb2 22. Nxd5 Kh8 23. Nc7 Qxc3 24. Nxa8 Rxa8 25. Bh6 Bc6 26. Rc1 Qf6
27. Qxf6 Bxf6 28. Bxc6 bxc6 29. Rxc6 Bg7 30. Bc1 Ne6 31. Be3 a5 32. Rfc1 h5 33.
Rc8+ Rxc8 34. Rxc8+ Kh7 35. Ra8 Bc3 36. Kf1 Kg7 37. Ke2 Bb4 38. Kd3 Be1 39. Ke2
Bc3 40. Kd3 Be1 41. Ra7 Bb4 42. f3 Bc5 43. Rxa5 Bxe3 44. Kxe3 f5 45. h4 Kf6 46.
Ra6 Ke5 47. f4+ Kf6 48. Kd3 Kf7 49. Kc4 Ng7 50. Kd5 Ne8 51. Ke5 Kg7 52. Ra8 Kf7
53. Rxe8 Kxe8 54. Kf6 1-0

[Event "5. Lovsprings EMT Mesterklassen"]
[Site "Ringsted"]
[Date "1993.04.16"]
[Round "3"]
[White "Christensen, John"]
[Black "Sivertsen, Palle"]
[Result "1/2-1/2"]
[WhiteElo "2056"]
[BlackElo "2080"]
[PlyCount "46"]
[EventDate "1993.??.??"]

1. Nf3 d6 2. d4 Nf6 3. g3 Nbd7 4. Bg2 e5 5. dxe5 dxe5 6. O-O Bc5 7. c3 O-O 8.
Qc2 Re8 9. b4 Bb6 10. Bb2 a5 11. Na3 Qe7 12. Nc4 e4 13. Nh4 Qe6 14. Nxb6 Qxb6
15. Nf5 axb4 16. Ne3 bxc3 17. Bxc3 Ra6 18. Rfd1 Qe6 19. Bxf6 Nxf6 20. Qxc7 g6
21. Qc3 Bd7 22. a3 Bc6 23. Nc2 Ra4 1/2-1/2

[Event "5. Lovsprings EMT Mesterklassen"]
[Site "Ringsted"]
[Date "1993.04.16"]
[Round "3"]
[White "Christensen, Lars (1957)"]
[Black "Madsen, Hans Henrik"]
[Result "0-1"]
[WhiteElo "2104"]
[BlackElo "2057"]
[PlyCount "126"]
[EventDate "1993.??.??"]

1. e4 c6 2. d4 Na6 3. c3 Nc7 4. Bd3 d5 5. e5 g6 6. Ne2 h5 7. Nd2 Nh6 8. Nf3 Bf5
9. Ng3 Bxd3 10. Qxd3 Qd7 11. Bg5 Ne6 12. Bd2 Ng7 13. O-O-O Ng4 14. Rhf1 h4 15.
Ne2 h3 16. gxh3 Rxh3 17. Bf4 Ne6 18. Bg3 O-O-O 19. Kb1 Rh5 20. Rde1 Bg7 21.
Neg1 Nh6 22. h4 Nf5 23. Nh3 Bh6 24. Re2 Rh8 25. Rfe1 Nfg7 26. Nhg5 Bxg5 27.
hxg5 Nxg5 28. e6 N7xe6 29. Ne5 Qe8 30. c4 Ne4 31. cxd5 Nxg3 32. fxg3 cxd5 33.
Qc3+ Kb8 34. Nxf7 Qxf7 35. Rxe6 Rh1 36. R6e5 Rxe1+ 37. Rxe1 Qf5+ 38. Ka1 Rc8
39. Qe3 e6 40. a3 Rc6 41. Re2 a6 42. Rf2 Rc1+ 43. Qxc1 Qxf2 44. Qf4+ Qxf4 45.
gxf4 Kc7 46. Kb1 Kd6 47. Kc2 Ke7 48. Kd3 Kf6 49. Ke3 Kf5 50. Kf3 g5 51. fxg5
Kxg5 52. Kg3 Kf5 53. Kf3 b6 54. a4 e5 55. dxe5 Kxe5 56. Ke3 a5 57. Kd3 d4 58.
Kd2 Ke4 59. Ke2 d3+ 60. Kf2 Kd4 61. Kf3 Kd5 62. Ke3 Kc4 63. Kd2 Kd4 0-1

[Event "5. Lovsprings EMT Mesterklassen"]
[Site "Ringsted"]
[Date "1993.04.16"]
[Round "3"]
[White "Nielsen, Max"]
[Black "Buhl, Poul"]
[Result "1-0"]
[WhiteElo "2100"]
[BlackElo "2035"]
[PlyCount "121"]
[EventDate "1993.??.??"]

1. e4 c5 2. Nf3 d6 3. d4 cxd4 4. Nxd4 Nf6 5. Nc3 g6 6. Be3 Bg7 7. f3 O-O 8. Qd2
Nc6 9. Bc4 Bd7 10. O-O-O Na5 11. Bb3 Nxb3+ 12. cxb3 Qa5 13. Kb1 Rfc8 14. h4 b5
15. h5 b4 16. Nce2 Rab8 17. g4 e5 18. Nf5 Bxf5 19. gxf5 Rc6 20. a4 Rbc8 21.
hxg6 fxg6 22. fxg6 hxg6 23. Bg5 Qc7 24. Bxf6 Bxf6 25. Rh6 Qf7 26. Rg1 Kg7 27.
Rgh1 Kf8 28. Ka2 Ke7 29. Rh7 Bg7 30. Qg5+ Kf8 31. Ng3 Qf6 32. Qxf6+ Bxf6 33.
Rxa7 R8c7 34. Rxc7 Rxc7 35. Kb1 Bg5 36. Ne2 Kg7 37. Rd1 Rc6 38. Nc1 Bd8 39. Rd5
Bg5 40. Nd3 Bd2 41. Rb5 Kf6 42. Nxb4 Rc1+ 43. Ka2 Kg5 44. a5 Rc8 45. Nd5 Kh4
46. a6 Kg3 47. a7 Ra8 48. Rb7 Kxf3 49. Nc7 Rxa7+ 50. Rxa7 Kxe4 51. b4 g5 52.
Ra6 g4 53. b5 g3 54. Rxd6 g2 55. Rg6 Kf3 56. b6 Ba5 57. Nd5 Bxb6 58. Nxb6 Kf2
59. Nc4 e4 60. b4 g1=Q 61. Rxg1 1-0

[Event "5. Lovsprings EMT Mesterklassen"]
[Site "Ringsted"]
[Date "1993.04.16"]
[Round "3"]
[White "Rasmussen, Per Arnt"]
[Black "Arnkilde, Anders"]
[Result "1/2-1/2"]
[WhiteElo "2036"]
[BlackElo "1954"]
[PlyCount "90"]
[EventDate "1993.??.??"]

1. e4 e5 2. Nf3 Nf6 3. d4 Nxe4 4. Bd3 d5 5. Nxe5 Bd6 6. O-O O-O 7. c4 Bxe5 8.
dxe5 Nc6 9. cxd5 Qxd5 10. Qc2 Nb4 11. Bxe4 Nxc2 12. Bxd5 Bf5 13. g4 Bxg4 14.
Be4 Nxa1 15. Bf4 f5 16. Bd5+ Kh8 17. Rc1 c6 18. Bg2 h6 19. h4 g5 20. hxg5 Rg8
21. e6 Rae8 22. Nd2 Rxe6 23. Rxa1 hxg5 24. Be3 b6 25. Bd4+ Kh7 26. f3 Bh5 27.
Kf2 Rge8 28. Bf1 g4 29. Bc4 Rd6 30. Bc3 Red8 31. Rh1 Kg6 32. fxg4 fxg4 33. Ne4
Rf8+ 34. Kg3 Rf3+ 35. Kg2 Rd7 36. Ng3 Rh7 37. Re1 Kh6 38. Bd2+ Kg7 39. Re7+ Bf7
40. Bc3+ Kf8 41. Rxa7 Bxc4 42. Rxh7 Bd5 43. Rh8+ Kf7 44. Be1 Rb3+ 45. Kf1 Rxb2
1/2-1/2

[Event "5. Lovsprings EMT Mesterklassen"]
[Site "Ringsted"]
[Date "1993.04.16"]
[Round "3"]
[White "Nielsen, Per Henrik Axel"]
[Black "Mott, Jens"]
[Result "1-0"]
[WhiteElo "2004"]
[BlackElo "1880"]
[PlyCount "107"]
[EventDate "1993.??.??"]

1. Nf3 Nf6 2. b3 c5 3. Bb2 Nc6 4. e3 e6 5. Bb5 a6 6. Bxc6 bxc6 7. O-O d5 8. Ne5
Qc7 9. f4 Bd6 10. d3 Bb7 11. Nd2 Qe7 12. Qe2 Rg8 13. Rf2 g6 14. Raf1 Nh5 15. g4
Ng7 16. g5 f5 17. gxf6 Qxf6 18. Nec4 Qe7 19. Bf6 Qc7 20. Nxd6+ Qxd6 21. e4 Nh5
22. Bh4 Kd7 23. Qg4 Kc7 24. Bg3 Kb6 25. Re1 Rae8 26. Rfe2 Bc8 27. e5 Qf8 28. a3
Kc7 29. Rb1 a5 30. c3 Ba6 31. Qf3 Qf5 32. c4 Rb8 33. Rc1 Rbe8 34. Qe3 d4 35.
Qf3 Rgf8 36. Rf1 Rf7 37. Ne4 Nxg3 38. hxg3 Rb8 39. Nd6 Qh5 40. Qxh5 gxh5 41.
Nxf7 Rxb3 42. Rd2 Rxa3 43. f5 exf5 44. e6 Bxc4 45. dxc4 Re3 46. Rxf5 Rxe6 47.
Rxh5 Re3 48. Rxc5 Kb6 49. Rg5 c5 50. Rb2+ Kc6 51. Rb5 a4 52. Rbxc5+ Kd7 53.
Rgd5+ Ke6 54. Re5+ 1-0

[Event "5. Lovsprings EMT Mesterklassen"]
[Site "Ringsted"]
[Date "1993.04.16"]
[Round "3"]
[White "Larsen, Bjorn"]
[Black "Elgaard, Brian"]
[Result "0-1"]
[WhiteElo "1908"]
[BlackElo "2166"]
[PlyCount "86"]
[EventDate "1993.??.??"]

1. d4 g6 2. e4 Bg7 3. Nc3 d6 4. Be3 Nf6 5. f3 c6 6. Qd2 O-O 7. O-O-O b5 8. Kb1
b4 9. Nce2 Re8 10. g4 a5 11. Ng3 a4 12. N1e2 Qa5 13. h4 b3 14. cxb3 axb3 15. a3
c5 16. h5 Qxd2 17. Rxd2 Nc6 18. hxg6 hxg6 19. dxc5 Ne5 20. Ng1 dxc5 21. Bb5 Bd7
22. Bxd7 Nfxd7 23. Bh6 Nc4 24. Rdh2 Bf6 25. Bc1 Nde5 26. g5 Bg7 27. f4 Ng4 28.
Rh4 Red8 29. e5 Nf2 30. R1h2 Nd2+ 31. Ka1 Nde4 32. Nxe4 Nxe4 33. Ne2 f6 34.
gxf6 exf6 35. Nc3 Nxc3 36. bxc3 fxe5 37. Kb2 c4 38. Rd2 Rxd2+ 39. Bxd2 Bf8 40.
fxe5 Bxa3+ 41. Kb1 Rf8 42. Rh1 Rf2 43. Bc1 Bxc1 0-1